| 000 | 00432nam a2200157 i 4500 | ||
|---|---|---|---|
| 001 | 150718 | ||
| 003 | ES-MaACL | ||
| 005 | 20230906203647.0 | ||
| 007 | t| | ||
| 008 | 071106q19101919xxk ||||1| eng d | ||
| 100 | 1 |
_aFarmer, J. Bretland. _948874 |
|
| 245 | 1 | 0 |
_aPlant life / _cby J. Bretland Farmer. |
| 260 |
_aLondon : _bWilliams and Norgate, _c[191-?] |
||
| 300 |
_aVIII, 256 p. : _bil. ; _c17 cm. |
||
| 852 |
_aES-MaACL _jC-2728 |
||
| 999 |
_c150718 _d150718 |
||